| 000 | 01123cam a22002413a 4500 | ||
|---|---|---|---|
| 001 | 13548 | ||
| 003 | PGUSA | ||
| 005 | 20140828083306.0 | ||
| 008 | 040928s2004||||xxu|||||s|||||000 | eng d | ||
| 040 |
_aPGUSA _beng |
||
| 042 | _adc | ||
| 050 | 4 | _aLB | |
| 245 | 1 | 0 |
_aCambridge Essays on Education _h[electronic resource] |
| 260 |
_bProject Gutenberg, _c2004 |
||
| 505 | 0 | _aThe aim of educational reform, by J. L. Paton -- The training of the reason, by W. R. Inge -- The training of the imagination, by A. C. Benson -- Religion at school, by W. W. Vaughan -- Citizenship, by A. Mansbridge -- The place of literature in education, by N. Smith -- The place of science in education, by W. Bateson -- Athletics, by F. B. Malim -- The use of leisure, by J. H. Badley -- Preparation for practical life, by Sir J. D. McClure -- Teaching as a profession, by F. Roscoe. | |
| 506 | _aPublic domain in the USA. | ||
| 516 | _aElectronic text | ||
| 653 | _aEducation | ||
| 700 | 1 |
_aBenson, Arthur Christopher, _d1862-1925 |
|
| 830 | 0 |
_aProject Gutenberg _v13548 |
|
| 856 | 4 | 0 | _uhttp://www.gutenberg.org/ebooks/13548 |
| 942 | _cEB | ||
| 999 |
_c242803 _d242803 |
||